Pays avec Mégapoles - Statistiques

Statistiques générales
  • Ce quiz a été pris 230 fois
  • Le résultat moyen est 20 sur 25
Statistiques - réponses
# Pays % Correct
10 Chine
100%
2 Etats-Unis
99%
1 France
97%
2 Brésil
96%
3 Japon
96%
6 Inde
94%
1 Russie
93%
1 Mexique
92%
1 Royaume Uni
90%
1 Argentine
88%
1 Indonésie
82%
1 Afrique du Sud
78%
1 Corée du Sud
75%
1 Égypte
75%
2 Pakistan
75%
1 Nigeria
71%
1 Iran
68%
1 Thaïlande
68%
1 Turquie
66%
1 Colombie
65%
1 Bangladesh
61%
1 République Démocratique du Congo
61%
1 Pérou
56%
1 Vietnam
55%
1 Philippines
50%
Aucun quiz correspondant
Distribution des résultats
% des personnes avec chaque résultat
Percentile par nombre de réponses
Votre historique - résultats
Vous n’avez pas pris ce quiz